[Event "Remote email"]
[Site "Remote email"]
[Date "2014.04.17"]
[Round "?"]
[White "Rohde, Hans Juergen"]
[Black "Guelker, Lorenz"]
[Result "1/2-1/2"]
[WhiteElo "1642"]
[BlackElo "1985"]
[PlyCount "59"]
[EventDate "2014.??.??"]
[EventType "tourn (corr)"]
[EventRounds "6"]
[EventCountry "GER"]
[SourceTitle "Corr 2015"]
[Source "ChessBase"]
[SourceDate "2015.07.17"]
[SourceVersion "1"]
[SourceVersionDate "2015.07.17"]
[SourceQuality "1"]

1. e4 e5 2. Nf3 Nc6 3. Bc4 Nf6 4. Ng5 Qe7 5. Bxf7+ Kd8 6. Bc4 Ke8 7. d3 h6 8. Nf3 d6 9. c3 Be6 10. Na3 Bxc4 11. Nxc4 Kd7 12. b4 a6 13. a4 Qf7 14. h3 Be7 15. 0-0 Rhf8 16. d4 Qxc4 17. dxe5 Nxe4 18. Nd4 dxe5 19. Qg4+ Ke8 20. Qxe4 exd4 21. Bf4 Kf7 22. Rac1 Qe6 23. Qh7 Qg6 24. Qxg6+ Kxg6 25. Rfe1 dxc3 26. Re6+ Rf6 27. Re4 Bxb4 28. Bxc7 c2 29. Rxc2 Bd6 30. Bb6 1/2-1/2

[Event "Remote email"]
[Site "Remote email"]
[Date "2014.04.17"]
[Round "?"]
[White "Rohde, Hans Juergen"]
[Black "Steffens, Henrik"]
[Result "1-0"]
[WhiteElo "1642"]
[BlackElo "1675"]
[PlyCount "83"]
[EventDate "2014.??.??"]
[EventType "tourn (corr)"]
[EventRounds "6"]
[EventCountry "GER"]
[SourceTitle "Corr 2015"]
[Source "ChessBase"]
[SourceDate "2015.07.17"]
[SourceVersion "1"]
[SourceVersionDate "2015.07.17"]
[SourceQuality "1"]

1. c3 e5 2. e4 Nf6 3. f3 Bc5 4. Ne2 d5 5. d4 exd4 6. b4 Bb6 7. e5 Nh5 8. cxd4 Nc6 9. Ba3 0-0 10. b5 Na5 11. Bxf8 Qxf8 12. Nbc3 Qb4 13. Qd3 Qb2 14. Rd1 g6 15. Nxd5 Bf5 16. Ne7+ Kf8 17. Nxf5 gxf5 18. Qxf5 Ng7 19. Qxh7 Ne8 20. Qh6+ Ke7 21. g4 Qb4+ 22. Kf2 c5 23. Kg3 cxd4 24. Nf4 Qa4 25. Nd5+ Kd7 26. Bh3 Nc7 27. g5+ Ne6 28. Qf6 Rf8 29. Qe7+ Kc8 30. Rc1+ Nc4 31. Bxe6+ fxe6 32. Qxf8+ Kd7 33. Qe7+ Kc8 34. Qxe6+ Kd8 35. Qg8+ Kd7 36. e6+ Kd6 37. e7 Qxb5 38. e8Q Qxe8 39. Qxe8 Kxd5 40. Rhd1 Bc7+ 41. Kh3 Bf4 42. Qe4+ 1-0

[Event "Remote email"]
[Site "Remote email"]
[Date "2014.03.24"]
[Round "?"]
[White "Fischer, Juergen"]
[Black "Rohde, Hans Juergen"]
[Result "0-1"]
[WhiteElo "1679"]
[BlackElo "1639"]
[PlyCount "36"]
[EventDate "2014.??.??"]
[EventType "tourn (corr)"]
[EventRounds "6"]
[EventCountry "GER"]
[SourceTitle "Corr 2015"]
[Source "ChessBase"]
[SourceDate "2015.07.17"]
[SourceVersion "1"]
[SourceVersionDate "2015.07.17"]
[SourceQuality "1"]

1. f4 d5 2. Nf3 f6 3. d4 e6 4. Nc3 Nc6 5. e3 f5 6. Ne5 Nf6 7. h3 a6 8. g4 Ne4 9. Nxe4 fxe4 10. Qe2 Nxe5 11. fxe5 Bd7 12. Bd2 Bb5 13. Qf2 Be7 14. Bxb5+ axb5 15. 0-0-0 Rxa2 16. c3 Qa8 17. Kc2 Qa4+ 18. Kb1 Ra1# 0-1

[Event "Remote email"]
[Site "Remote email"]
[Date "2014.03.16"]
[Round "?"]
[White "Rohde, Hans Juergen"]
[Black "Guelker, Lorenz"]
[Result "0-1"]
[WhiteElo "1639"]
[BlackElo "2043"]
[PlyCount "94"]
[EventDate "2014.??.??"]
[EventType "tourn (corr)"]
[EventRounds "6"]
[EventCountry "GER"]
[SourceTitle "Corr 2015"]
[Source "ChessBase"]
[SourceDate "2015.07.17"]
[SourceVersion "1"]
[SourceVersionDate "2015.07.17"]
[SourceQuality "1"]

1. e4 e5 2. Nf3 Nc6 3. c3 Nf6 4. d3 d5 5. Bg5 dxe4 6. dxe4 Be7 7. Bb5 Bd7 8. h3 Nxe4 9. Be3 0-0 10. b4 a6 11. Bd3 Bf5 12. a4 Nxc3 13. Nxc3 Bxd3 14. b5 axb5 15. axb5 Bb4 16. Rxa8 Bxc3+ 17. Bd2 Qxa8 18. Bxc3 Bxb5 19. Ng5 Qa3 20. Qa1 Ra8 21. Qxa3 Rxa3 22. Kd2 Ra2+ 23. Ke3 Ne7 24. Ke4 Bc6+ 25. Kxe5 Bxg2 26. Rd1 f6+ 27. Ke6 Re2+ 28. Kd7 fxg5 29. Kxc7 Rxf2 30. Rd8+ Kf7 31. Bb4 Bxh3 32. Rd2 Rxd2 33. Bxd2 g4 34. Kxb7 g3 35. Be3 h5 36. Bg1 g2 37. Kc7 h4 38. Kd6 Nf5+ 39. Ke5 Ng3 40. Kf4 Ne2+ 41. Kf3 Nxg1+ 42. Kf2 Ne2 43. Kxe2 g1Q 44. Kf3 Qe1 45. Kf4 g5+ 46. Kxg5 Qe4 47. Kh6 Qg6# 0-1

[Event "Remote email"]
[Site "Remote email"]
[Date "2014.03.06"]
[Round "?"]
[White "Rohde, Hans Juergen"]
[Black "Klein, Werner"]
[Result "1/2-1/2"]
[WhiteElo "1639"]
[BlackElo "1671"]
[PlyCount "59"]
[EventDate "2014.??.??"]
[EventType "tourn (corr)"]
[EventRounds "6"]
[EventCountry "GER"]
[SourceTitle "Corr 2015"]
[Source "ChessBase"]
[SourceDate "2015.07.17"]
[SourceVersion "1"]
[SourceVersionDate "2015.07.17"]
[SourceQuality "1"]

1. d4 d5 2. c3 Nc6 3. Nf3 e6 4. e3 Nf6 5. Bb5 Bd7 6. h3 Be7 7. Ng5 0-0 8. 0-0 a6 9. Bxc6 Bxc6 10. b4 a5 11. f3 axb4 12. f4 Ne4 13. Nxe4 dxe4 14. cxb4 Bxb4 15. a3 Bd5 16. Bb2 Qd6 17. axb4 Qb6 18. Rxa8 Rxa8 19. Nc3 Qxb4 20. Rf2 Bc4 21. Nxe4 Ra2 22. Qg4 Rxb2 23. Nf6+ Kh8 24. Qg5 gxf6 25. Qxf6+ Kg8 26. Qd8+ Kg7 27. Qg5+ Kf8 28. Rxb2 Qxb2 29. Qc5+ Kg7 30. Qxc4 1/2-1/2

[Event "Remote email"]
[Site "Remote email"]
[Date "2014.02.19"]
[Round "?"]
[White "Fischer, Juergen"]
[Black "Rohde, Hans Juergen"]
[Result "1-0"]
[WhiteElo "1679"]
[BlackElo "1639"]
[PlyCount "121"]
[EventDate "2014.??.??"]
[EventType "tourn (corr)"]
[EventRounds "6"]
[EventCountry "GER"]
[SourceTitle "Corr 2015"]
[Source "ChessBase"]
[SourceDate "2015.07.17"]
[SourceVersion "1"]
[SourceVersionDate "2015.07.17"]
[SourceQuality "1"]

1. g3 d5 2. Bg2 Nf6 3. d3 Nc6 4. Nf3 e5 5. c3 Bc5 6. d4 Bb6 7. 0-0 e4 8. Ne1 Bf5 9. e3 Qd7 10. a4 Bh3 11. b4 a5 12. b5 Ne7 13. Qe2 Bg4 14. f3 exf3 15. Nxf3 Ne4 16. Ra2 f6 17. Qc2 c5 18. Nbd2 cxd4 19. exd4 Rc8 20. Nxe4 dxe4 21. Qxe4 0-0 22. Qd3 Nd5 23. Bd2 Rfe8 24. c4 Ne7 25. Bc3 Bf5 26. Qe2 Nd5 27. Qd2 Ne3 28. Re1 Nxc4 29. Rxe8+ Rxe8 30. Qf2 Ne3 31. Re2 Nd1 32. Rxe8+ Qxe8 33. Qd2 Ne3 34. Nh4 Bc2 35. Bxb7 Bxa4 36. Qa2+ Kf8 37. Qxa4 g5 38. Bc6 Qe7 39. Ng2 Nxg2 40. Kxg2 Qe2+ 41. Kh3 g4+ 42. Kh4 f5 43. Qa3+ Qe7+ 44. Qxe7+ Kxe7 45. Kg5 Ke6 46. Kf4 Bc7+ 47. Kg5 Bd8+ 48. Kh6 a4 49. d5+ Kd6 50. Kxh7 Kc5 51. Kg6 Kc4 52. Bh8 Kb3 53. Kxf5 a3 54. d6 Ba5 55. Bd5+ Kb4 56. Bc6 Kb3 57. Ke4 Bc3 58. Bxc3 Kxc3 59. d7 a2 60. d8Q a1Q 61. Qh8+ 1-0

[Event "Remote email"]
[Site "Remote email"]
[Date "2014.02.11"]
[Round "?"]
[White "Rohde, Hans Juergen"]
[Black "Daniel, Achim"]
[Result "0-1"]
[WhiteElo "1642"]
[BlackElo "1863"]
[PlyCount "102"]
[EventDate "2014.??.??"]
[EventType "tourn (corr)"]
[EventRounds "6"]
[EventCountry "GER"]
[SourceTitle "Corr 2015"]
[Source "ChessBase"]
[SourceDate "2015.07.17"]
[SourceVersion "1"]
[SourceVersionDate "2015.07.17"]
[SourceQuality "1"]

1. e4 c5 2. Nf3 Nc6 3. c3 e5 4. Bc4 Be7 5. d4 cxd4 6. cxd4 exd4 7. a3 Bf6 8. 0-0 Nge7 9. b4 0-0 10. b5 Ne5 11. Nxe5 Bxe5 12. Qg4 d5 13. Qh5 dxc4 14. Qxe5 Ng6 15. Qh5 Be6 16. g3 Qd7 17. Kg2 Bg4 18. Qd5 Bh3+ 19. Kg1 Qxd5 20. exd5 Bxf1 21. Kxf1 Rad8 22. a4 Rxd5 23. Ba3 Re8 24. Nd2 c3 25. Re1 Rxe1+ 26. Kxe1 cxd2+ 27. Kxd2 d3 28. Bb2 Ne7 29. f4 f5 30. Ba3 Nc8 31. Bc1 Nb6 32. Kc3 Nxa4+ 33. Kc4 Nb6+ 34. Kb4 d2 35. Bxd2 Rxd2 36. h4 Rd3 37. Ka5 Rxg3 38. h5 Rg4 39. Kb4 Rxf4+ 40. Kc5 Re4 41. Kd6 f4 42. Kc7 f3 43. Kxb7 f2 44. Kxa7 f1Q 45. Kxb6 Re5 46. Kc6 Qxb5+ 47. Kd6 Qd5+ 48. Kc7 Re6 49. h6 Qd6+ 50. Kb7 Re7+ 51. Kc8 Qc7# 0-1

[Event "Remote email"]
[Site "Remote email"]
[Date "2014.01.31"]
[Round "?"]
[White "Guelker, Lorenz"]
[Black "Rohde, Hans Juergen"]
[Result "0-1"]
[WhiteElo "2043"]
[BlackElo "1639"]
[PlyCount "62"]
[EventDate "2014.??.??"]
[EventType "tourn (corr)"]
[EventRounds "6"]
[EventCountry "GER"]
[SourceTitle "Corr 2015"]
[Source "ChessBase"]
[SourceDate "2015.07.17"]
[SourceVersion "1"]
[SourceVersionDate "2015.07.17"]
[SourceQuality "1"]

1. e4 e5 2. Nf3 f6 3. Bc4 c6 4. Bxg8 d5 5. exd5 Rxg8 6. dxc6 Nxc6 7. 0-0 Bd6 8. Nc3 Be6 9. d3 a6 10. h3 g5 11. a3 h5 12. Ne4 g4 13. hxg4 Bxg4 14. Be3 Bh3 15. Nfg5 Bg4 16. Nxd6+ Qxd6 17. f3 Bf5 18. Ne4 Qe7 19. Bc5 Qg7 20. Nd6+ Kd7 21. Qe2 Bh3 22. Rf2 Nd4 23. Bxd4 Kxd6 24. Kh2 Qg3+ 25. Kg1 exd4 26. f4 Bg4 27. Qe4 Qe3 28. Qxb7 Rgc8 29. Qb6+ Rc6 30. Qb4+ Rc5 31. Re1 a5 0-1

[Event "Remote email"]
[Site "Remote email"]
[Date "2014.01.08"]
[Round "?"]
[White "Rohde, Hans Juergen"]
[Black "Klein, Werner"]
[Result "1-0"]
[WhiteElo "1639"]
[BlackElo "1671"]
[PlyCount "61"]
[EventDate "2014.??.??"]
[EventType "tourn (corr)"]
[EventRounds "6"]
[EventCountry "GER"]
[SourceTitle "Corr 2015"]
[Source "ChessBase"]
[SourceDate "2015.07.17"]
[SourceVersion "1"]
[SourceVersionDate "2015.07.17"]
[SourceQuality "1"]

1. e4 e5 2. Nf3 Nc6 3. d3 Nf6 4. c3 Be7 5. Be2 0-0 6. 0-0 d5 7. Nbd2 Bg4 8. b4 d4 9. Qc2 Nh5 10. g3 Qd7 11. Nc4 Bh3 12. Nfxe5 Nxe5 13. Nxe5 Qe6 14. cxd4 Bxf1 15. Kxf1 Bf6 16. Qxc7 b6 17. g4 Rfc8 18. Qb7 Rcb8 19. Qc6 Qxc6 20. Nxc6 Rc8 21. b5 a6 22. gxh5 axb5 23. Nb4 Bxd4 24. Rb1 Bc3 25. Nd5 Rd8 26. Nxc3 Ra5 27. e5 b4 28. Rxb4 Rxe5 29. h6 Rc5 30. Bb2 Rd6 31. Ne4 1-0

[Event "Remote S7E-148 email"]
[Site "Remote email"]
[Date "2012.11.22"]
[Round "?"]
[White "Klein, Werner"]
[Black "Rohde, Hans Juergen"]
[Result "1-0"]
[WhiteElo "1759"]
[BlackElo "1720"]
[PlyCount "135"]
[EventDate "2012.??.??"]
[EventType "tourn (corr)"]
[EventRounds "6"]
[EventCountry "GER"]
[SourceTitle "Corr 2015"]
[Source "ChessBase"]
[SourceDate "2015.07.17"]
[SourceVersion "1"]
[SourceVersionDate "2015.07.17"]
[SourceQuality "1"]

1. e4 e5 2. Nf3 Nf6 3. d3 Nc6 4. Be2 d5 5. exd5 Qxd5 6. c4 Qa5+ 7. Bd2 Qc5 8. 0-0 Bd6 9. Be3 Nd4 10. Nbd2 b5 11. Nb3 Nxe2+ 12. Qxe2 Qc6 13. h3 bxc4 14. dxc4 Qa6 15. Nfd2 Nd7 16. Nc5 Nxc5 17. Bxc5 0-0 18. Bxd6 Qxd6 19. Ne4 Qg6 20. Rad1 Bxh3 21. Ng3 Bg4 22. f3 Qb6+ 23. Qf2 Qxf2+ 24. Kxf2 Be6 25. b3 g6 26. Rd2 f5 27. f4 e4 28. Rfd1 Rae8 29. Ke3 c5 30. Ne2 a5 31. Nc3 h5 32. g3 Kf7 33. Nd5 Rd8 34. a3 Kg7 35. Nc7 Rxd2 36. Rxd2 Bc8 37. Rd5 Rh8 38. Rd1 h4 39. Kf2 h3 40. Rh1 Kf6 41. Nd5+ Kg7 42. a4 Bd7 43. Rd1 Rh5 44. Ne3 Bc6 45. Kg1 Kf6 46. Rd6+ Kg7 47. Rxc6 Kh6 48. Rxc5 h2+ 49. Kh1 Rh3 50. Nf1 Kh5 51. Rd5 Kg4 52. c5 e3 53. Re5 g5 54. Nxh2+ Kxg3 55. Rxe3+ Kh4 56. Rxh3+ Kxh3 57. fxg5 f4 58. g6 Kg3 59. g7 f3 60. Nxf3 Kxf3 61. g8Q Ke3 62. c6 Kd3 63. c7 Kc3 64. Qc4+ Kb2 65. c8Q Ka3 66. Q8c5+ Ka2 67. Qc2+ Ka1 68. Qa3# 1-0

[Event "Remote S7E-148 email"]
[Site "Remote email"]
[Date "2012.11.22"]
[Round "?"]
[White "Rohde, Hans Juergen"]
[Black "Tortoza, Carlos Alberto"]
[Result "0-1"]
[WhiteElo "1720"]
[BlackElo "1589"]
[PlyCount "90"]
[EventDate "2012.??.??"]
[EventType "tourn (corr)"]
[EventRounds "6"]
[EventCountry "GER"]
[SourceTitle "Corr 2015"]
[Source "ChessBase"]
[SourceDate "2015.07.17"]
[SourceVersion "1"]
[SourceVersionDate "2015.07.17"]
[SourceQuality "1"]

1. e4 c5 2. c4 Nc6 3. Nf3 d6 4. a3 Nf6 5. Nc3 e6 6. Be2 Nd4 7. Nxd4 cxd4 8. Qa4+ Bd7 9. Nb5 a6 10. f3 axb5 11. Qb3 b4 12. d3 Ra4 13. 0-0 Nh5 14. g4 Nf6 15. f4 Bc6 16. e5 Nd7 17. g5 Nc5 18. Qd1 b3 19. f5 dxe5 20. f6 g6 21. Bg4 b6 22. Qe2 Bd6 23. h4 e4 24. Bf4 Bxf4 25. Rxf4 e3 26. h5 Qd6 27. Bf3 Bxf3 28. Rxf3 0-0 29. Rh3 Qf4 30. hxg6 fxg6 31. Qh2 Qxh2+ 32. Kxh2 Nxd3 33. Rf1 Rf7 34. Rh4 Nxb2 35. Rxd4 Rxa3 36. Rd8+ Rf8 37. f7+ Kg7 38. Rd6 Rxf7 39. Kg1 Rxf1+ 40. Kxf1 Nxc4 41. Rxe6 b2 42. Re7+ Kf8 43. Rxh7 b1Q+ 44. Ke2 Qe4 45. Rh8+ Kg7 0-1

[Event "Remote S7E-148 email"]
[Site "Remote email"]
[Date "2012.11.22"]
[Round "?"]
[White "Strohmeier, Josef"]
[Black "Rohde, Hans Juergen"]
[Result "1-0"]
[WhiteElo "1861"]
[BlackElo "1720"]
[PlyCount "45"]
[EventDate "2012.??.??"]
[EventType "tourn (corr)"]
[EventRounds "6"]
[EventCountry "GER"]
[SourceTitle "Corr 2015"]
[Source "ChessBase"]
[SourceDate "2015.07.17"]
[SourceVersion "1"]
[SourceVersionDate "2015.07.17"]
[SourceQuality "1"]

1. e4 e5 2. Nf3 f6 3. d4 d5 4. dxe5 dxe4 5. Qxd8+ Kxd8 6. Nfd2 f5 7. Bc4 Nh6 8. Nb3 b6 9. Nc3 Ng4 10. 0-0 Nxe5 11. Bg5+ Kd7 12. Rad1+ Bd6 13. Be2 c6 14. Bf4 Ke6 15. Nd4+ Kf6 16. Kh1 g5 17. Bc1 Ng4 18. Bxg4 fxg4 19. Nxe4+ Ke5 20. Nxg5 Kf6 21. f3 g3 22. Ne4+ Ke5 23. Nxd6 1-0

[Event "Remote S7E-144 email"]
[Site "Remote email"]
[Date "2012.10.03"]
[Round "?"]
[White "Pieleck, Rudolf"]
[Black "Rohde, Hans Juergen"]
[Result "1-0"]
[WhiteElo "1661"]
[BlackElo "1667"]
[PlyCount "91"]
[EventDate "2012.??.??"]
[EventType "tourn (corr)"]
[EventRounds "6"]
[EventCountry "GER"]
[SourceTitle "Corr 2015"]
[Source "ChessBase"]
[SourceDate "2015.07.17"]
[SourceVersion "1"]
[SourceVersionDate "2015.07.17"]
[SourceQuality "1"]

1. e4 e5 2. Nf3 f6 3. d4 d6 4. d5 c6 5. Be2 Ne7 6. Nc3 cxd5 7. exd5 a6 8. 0-0 Ng6 9. Ne4 h6 10. c4 Bf5 11. Ng3 Bd7 12. Bd3 Be7 13. Bxg6+ Kf8 14. Nf5 Bxf5 15. Bxf5 g5 16. Nd2 h5 17. b3 g4 18. Ne4 b5 19. Be3 Kg7 20. f3 Qg8 21. Be6 Qh7 22. fxg4 Qxe4 23. Qf3 Qh7 24. Bf5 hxg4 25. Qxg4+ Kf7 26. Bxh7 Rxh7 27. Rf2 Rg7 28. Qe6+ Kg6 29. Rf3 a5 30. Rg3+ Kh7 31. Qf5+ Kg8 32. Rxg7+ Kxg7 33. Rf1 Kf7 34. Rf3 Nd7 35. Qxd7 Rh8 36. Qe6+ Ke8 37. Rxf6 Rf8 38. Qc8+ Bd8 39. Rxf8+ Kxf8 40. Qxd8+ Kf7 41. Qxd6 bxc4 42. bxc4 e4 43. Qe6+ Kg7 44. Bh6+ Kh8 45. Qxe4 Kg8 46. Qg6+ 1-0

[Event "Remote S7E-144 email"]
[Site "Remote email"]
[Date "2012.10.03"]
[Round "?"]
[White "Rohde, Hans Juergen"]
[Black "Wiedmann, Jochen"]
[Result "0-1"]
[WhiteElo "1667"]
[BlackElo "1869"]
[PlyCount "64"]
[EventDate "2012.??.??"]
[EventType "tourn (corr)"]
[EventRounds "6"]
[EventCountry "GER"]
[SourceTitle "Corr 2015"]
[Source "ChessBase"]
[SourceDate "2015.07.17"]
[SourceVersion "1"]
[SourceVersionDate "2015.07.17"]
[SourceQuality "1"]

1. e4 c5 2. Bc4 e6 3. d4 cxd4 4. Nf3 Nc6 5. Nxd4 Nf6 6. 0-0 Ne5 7. Be2 Nxe4 8. f3 Nf6 9. f4 Nc6 10. Nb5 Bc5+ 11. Kh1 d5 12. c3 Ne4 13. Nd4 Qh4 14. Kg1 0-0 15. Be3 f5 16. g3 Nxg3 17. Bf2 Bxd4 18. cxd4 Nxe2+ 19. Qxe2 Qxf4 20. Rd1 Rf6 21. Bg3 Rg6 22. Qg2 Qe3+ 23. Kf1 Nxd4 24. Nc3 Nf3 25. Nxd5 exd5 26. Rxd5 Be6 27. Rad1 Bxd5 28. Rxd5 Re8 29. Rxf5 Nxh2+ 30. Qxh2 Rxg3 31. Qf2 Qc1+ 32. Qe1 Qxe1# 0-1